The last years of British India / (Record no. 21981)

MARC details
000 -LEADER
fixed length control field 00738cam a22002531 4500
001 - CONTROL NUMBER
control field 6579848
003 - CONTROL NUMBER IDENTIFIER
control field BDDh-ASL
005 - DATE AND TIME OF LATEST TRANSACTION
control field 20231015030054.0
008 - FIXED-LENGTH DATA ELEMENTS--GENERAL INFORMATION
fixed length control field 720920t19641963ohub 000 0 eng
010 ## - LIBRARY OF CONGRESS CONTROL NUMBER
LC control number 64012065
035 ## - SYSTEM CONTROL NUMBER
System control number (OCoLC)411040
040 ## - CATALOGING SOURCE
Original cataloging agency DLC
Transcribing agency ODaWU
Modifying agency OCoLC
-- DLC
-- BDDh-ASL
042 ## - AUTHENTICATION CODE
Authentication code premarc
050 00 - LIBRARY OF CONGRESS CALL NUMBER
Classification number DS480.45
Item number .E3 1964
082 ## - DEWEY DECIMAL CLASSIFICATION NUMBER
Classification number 954.03
Item number EDL
100 1# - MAIN ENTRY--PERSONAL NAME
Personal name Edwardes, Michael.
245 14 - TITLE STATEMENT
Title The last years of British India /
250 ## - EDITION STATEMENT
Edition statement [1st ed.]
260 ## - PUBLICATION, DISTRIBUTION, ETC.
Place of publication, distribution, etc. Cleveland :
Name of publisher, distributor, etc. World Pub. Co.,
Date of publication, distribution, etc. [1964, c1963]
300 ## - PHYSICAL DESCRIPTION
Extent viii, 248 p. :
Other physical details maps.
Dimensions 22 cm.
651 #0 - SUBJECT ADDED ENTRY--GEOGRAPHIC NAME
Geographic name India
General subdivision History
Chronological subdivision British occupation, 1765-1947.
906 ## - LOCAL DATA ELEMENT F, LDF (RLIN)
a 7
b cbc
c oclcrpl
d u
e ncip
f 19
g y-gencatlg
942 ## - ADDED ENTRY ELEMENTS (KOHA)
Source of classification or shelving scheme Dewey Decimal Classification
Koha item type Books
Holdings
Withdrawn status Lost status Source of classification or shelving scheme Damaged status Not for loan Collection code Home library Current library Shelving location Date acquired Source of acquisition Total Checkouts Full call number Barcode Date last seen Copy number Price effective from Koha item type Public note
    Dewey Decimal Classification     Non-fiction Asiatic Society Library Asiatic Society Library General Stacks 02/18/2021 ASB Library Collections   954.03 EDL 106067 02/18/2021 C-1 02/18/2021 Books RARE

Powered by Koha